000 01350namaa22003131i 4500
005 20260114104842.0
008 251214s1995 ua a|||frm||| 000 0 eng d
040 _aEG-GICUC
_beng
_cEG-GICUC
_dEG-GICUC
_erda
041 0 _aeng
_beng
_bara
049 _aDeposit
097 _aM.Sc
099 _aCai01.11.31.M.Sc.1995.Ma.I
100 0 _aMahmoud Labib Mahmoud,
_epreparation.
245 1 0 _aImaging of the portal venous system in patients with portal hypertension : duplex doppler sonography vs angiography /
_cBy Mahmoud Labib Mahmoud; Supervisors Dr. Hazem M. Moharram, Dr. Mohamed Kamal El-Din M.
246 1 5 _aتصوير الدورة البابية في حالات ارتفاع ضغط الوريد البابي
264 0 _c1995.
300 _a123 Leaves :
_billustrations
_c30 cm. +
336 _2rda content
_atext
337 _2rdamedia
_aUnmediated
338 _2rdacarrier
_avolume
502 _aThesis (M.Sc.)-Cairo University, 1995.
504 _aBibliography: pages 110-123
653 0 _aduplex doppler sonography vs angiography
700 0 _aHazem M. Moharram
_ethesis advisor.
700 0 _aMohamed Kamal El-Din M.
_ethesis advisor.
900 _DDepartment of Radiodiagnosis
_FFaculty of Medicine
_UCairo University
_b1995
_cHazem M. Moharram
_cMohamed Kamal El-Din M.
905 _aNehad
_eNourhan
942 _2ddc
_cTH
_e21
_n0
999 _c176692